Kluby lubelskie, Ekstraklasa, I, II, III liga - Statystyki

Ogólne statystyki
  • Ten quiz został rozwiązany 32 razy
  • Średni wynik to 4 z 7
Statystyki odpowiedzi
Liga Klub % Poprawnych
Ekstraklasa Motor Lublin
100%
I liga Górnik Łęczna
93%
III liga Avia Świdnik
70%
III liga Chełmianka Chełm
60%
III liga Stal Kraśnik
43%
III liga Podlasie Biała Podlaska
33%
III liga Świdniczanka Świdnik
23%
Nie znaleziono quizów pasujących do podanych kryteriów
Rozkład punktacji
Procent ludzi z każdym wynikiem
Percentyl według liczby udzielonych odpowiedzi
Twoja historia wyników
Nie rozwiązałeś tego quizu